cattle manure using on bunching onion at khnachromeas village neareay commune chhouk district kompot province ការប្រើប្រាស់ជីលាមកគោនៅលើដំណាំខ្ទឹមស្លឹកនៅភូមិខ្នាចរមាស ឃុំនារាយ ស្រុកឈូក ខេត្តកំពត (Record no. 18094)

000 -LEADER
fixed length control field 00739nam a22001337a 4500
040 ## - CATALOGING SOURCE
Transcribing agency RUA
082 ## - DEWEY DECIMAL CLASSIFICATION NUMBER
Classification number GRS NGO 2017 B641 Or.1
100 ## - MAIN ENTRY--AUTHOR NAME
Personal name NGORL CHHANNY ង៉ោល ឆាន់នី
245 ## - TITLE STATEMENT
Title cattle manure using on bunching onion at khnachromeas village neareay commune chhouk district kompot province ការប្រើប្រាស់ជីលាមកគោនៅលើដំណាំខ្ទឹមស្លឹកនៅភូមិខ្នាចរមាស ឃុំនារាយ ស្រុកឈូក ខេត្តកំពត
260 ## - PUBLICATION, DISTRIBUTION, ETC. (IMPRINT)
Place of publication RUA
Name of publisher Phnom penh
Year of publication 2017
300 ## - PHYSICAL DESCRIPTION
Number of Pages ix;26p
Other physical details ill;
Dimensions 29cm
856 ## - ELECTRONIC LOCATION AND ACCESS
Uniform Resource Identifier https://drive.google.com/file/d/10T_6v-6GJ3l5h2DSXP4EP-TUd5f8MDVq/view?usp=sharing
942 ## - ADDED ENTRY ELEMENTS (KOHA)
Koha item type GRS
952 ## - LOCATION AND ITEM INFORMATION (KOHA)
Withdrawn status [LOCAL, KOHA] 0
952 ## - LOCATION AND ITEM INFORMATION (KOHA)
Withdrawn status [LOCAL, KOHA] 0
952 ## - LOCATION AND ITEM INFORMATION (KOHA)
Withdrawn status [LOCAL, KOHA] 0
952 ## - LOCATION AND ITEM INFORMATION (KOHA)
Withdrawn status [LOCAL, KOHA] 0
952 ## - LOCATION AND ITEM INFORMATION (KOHA)
Withdrawn status [LOCAL, KOHA] 0
952 ## - LOCATION AND ITEM INFORMATION (KOHA)
Withdrawn status [LOCAL, KOHA] 0
952 ## - LOCATION AND ITEM INFORMATION (KOHA)
Withdrawn status [LOCAL, KOHA] 0
Holdings
Permanent Location Date acquired Koha item type Lost status Shelving location Barcode Current Location Full call number
Library Block B2019-07-29GRS B641A30868Library Block BGRS NGO 2017 B641 Or.1
Library Block B2019-07-29GRS B641A30813Library Block BGRS NGO 2017 B641 Or.2
Library Block B2019-07-29GRS B641A30943Library Block BGRS NGO 2017 B641 Or.3
Library Block B2019-07-29GRS B641A31018Library Block BGRS NGO 2017 B641 Or.4
Library Block B2019-07-29GRS B641A31093Library Block BGRS NGO 2017 B641 Or.5
Library Block B2019-07-29GRS B641A31168Library Block BGRS NGO 2017 B641 Or.6
Library Block B2019-07-29GRS B641A30888Library Block BGRS NGO 2017 B641 Or.6
មជ្ឈមណ្ឌលឯការនៃសាកលវិទ្យាល័យភូមិន្ទកសិកម្មចំការដូង

Powered by Koha